[Event "Potiguar-ch (Women)"]
[Site "Natal"]
[Date "2018.01.21"]
[Round "3.1"]
[White "Figueiredo, Livia Mara"]
[Black "De Oliveira, Angela Tavares"]
[Result "0-1"]
[WhiteElo "1240"]
[BlackElo "1563"]
[PlyCount "96"]
[EventDate "2018.01.19"]
[EventType "tourn"]
[EventRounds "7"]
[EventCountry "BRA"]
[SourceTitle "EXT 2022"]
[Source "ChessBase"]
[SourceDate "2021.10.06"]
[SourceVersion "1"]
[SourceVersionDate "2021.10.06"]
[SourceQuality "1"]

1. d4 Nf6 2. c4 c6 3. Nc3 d5 4. cxd5 cxd5 5. e3 g6 6. Nf3 Bg7 7. Bd3 0-0 8. 0-0 a6 9. a3 b5 10. b4 Qc7 11. Bd2 Nc6 12. Qc1 Bb7 13. e4 dxe4 14. Nxe4 Rfc8 15. Bh6 Nxd4 16. Nxf6+ Bxf6 17. Nxd4 Qxc1 18. Raxc1 Bxd4 19. Rfe1 e6 20. Rxc8+ Rxc8 21. Rc1 Bb2 22. Rxc8+ Bxc8 23. a4 bxa4 24. Bc4 Bb7 25. Bd2 a3 26. Ba2 Bd5 27. Bb1 a2 28. Bxa2 Bxa2 29. Kf1 Kf8 30. Ke2 Ke7 31. Ke3 Kd6 32. g3 Kc6 33. Kd3 Kb5 34. f4 Ba3 35. Kc2 Bxb4 36. Bxb4 Kxb4 37. Kb2 Bc4 38. h4 h6 39. Kc2 a5 40. g4 a4 41. Kb2 f6 42. Ka1 g5 43. hxg5 hxg5 44. fxg5 fxg5 45. Kb2 a3+ 46. Kb1 a2+ 47. Ka1 e5 48. Kb2 e4 0-1

[Event "Santa Cruz Potiguar-ch"]
[Site "Santa Cruz"]
[Date "2016.12.18"]
[Round "5"]
[White "Do Nascimento, Jose Luan Silva"]
[Black "Figueiredo, Livia Mara"]
[Result "1-0"]
[WhiteElo "1376"]
[BlackElo "1685"]
[PlyCount "86"]
[EventDate "2016.12.17"]
[EventType "swiss"]
[EventRounds "5"]
[EventCountry "BRA"]
[SourceTitle "CBM 176 Extra"]
[Source "ChessBase"]
[SourceDate "2017.03.02"]
[SourceVersion "1"]
[SourceVersionDate "2017.03.02"]
[SourceQuality "1"]

1. d4 g6 2. Nf3 Bg7 3. Bf4 d6 4. Nbd2 Nd7 5. c3 e5 6. dxe5 dxe5 7. Bg3 Qe7 8. e3 c6 9. Bd3 Ngf6 10. Qc2 0-0 11. Ne4 Nxe4 12. Bxe4 Nc5 13. 0-0 Bg4 14. h3 Bxf3 15. Bxf3 e4 16. Be2 b5 17. Rad1 Rad8 18. b3 a5 19. c4 b4 20. Rd2 Rxd2 21. Qxd2 Rd8 22. Qc2 f5 23. Rd1 Rd7 24. Kh1 Rxd1+ 25. Qxd1 Qd7 26. Qxd7 Nxd7 27. Bc7 c5 28. Bxa5 Kf7 29. Bc7 Be5 30. Bxe5 Nxe5 31. f3 exf3 32. gxf3 g5 33. f4 gxf4 34. exf4 Ng6 35. Bh5 Kf6 36. Bxg6 hxg6 37. h4 Ke6 38. Kg2 Kf6 39. Kg3 Ke6 40. Kf3 Kf6 41. Ke2 Ke6 42. Kd2 Kd6 43. Kc2 Kc6 1-0

[Event "Natal Potiguar op 10th"]
[Site "Natal"]
[Date "2015.07.04"]
[Round "4"]
[White "Do Nascimento, Igor Oliveira"]
[Black "Figueiredo, Livia Mara"]
[Result "1-0"]
[WhiteElo "1543"]
[BlackElo "1800"]
[PlyCount "39"]
[EventDate "2015.07.03"]
[EventType "swiss"]
[EventRounds "6"]
[EventCountry "BRA"]
[SourceTitle "CBM 167 Extra"]
[Source "ChessBase"]
[SourceDate "2015.09.14"]
[SourceVersion "1"]
[SourceVersionDate "2015.09.14"]
[SourceQuality "1"]

1. e4 e5 2. Nf3 Nc6 3. Bc4 Bc5 4. d3 Nf6 5. 0-0 0-0 6. Nc3 d6 7. Bg5 Be6 8. Nd5 Rb8 9. Bxf6 gxf6 10. Qd2 Bxd5 11. Bxd5 Ne7 12. Bb3 c6 13. d4 exd4 14. Nxd4 Bxd4 15. Qxd4 f5 16. exf5 Nxf5 17. Qg4+ Ng7 18. Rad1 Qc7 19. Rd3 h6 20. Rg3 1-0